| 000 | 00708nam a2200229 a 4500 | ||
|---|---|---|---|
| 001 | 1307 | ||
| 003 | BR-CuiBMT | ||
| 005 | 20231208001835.0 | ||
| 008 | 231204s2006 mtba 000 0 por d | ||
| 040 |
_aBR-CuiBMT _cBR-CuiBMT |
||
| 080 |
_a94:625.1 _x(817.2) _x(091) _22007 |
||
| 090 |
_a94:625.1(817.2)(091) _bM838e |
||
| 100 | 1 | _aMoreira, Oscar | |
| 245 | 1 | 0 |
_aEstrada de ferro Norte Matto Grosso / _cOscar Moreira. |
| 260 |
_aCuiabá : _b IHGMT, _c2006. |
||
| 300 |
_a69 p. : _bil. ; _c21 cm |
||
| 490 | 1 |
_aPublicações avulsas ; _vv. 68 |
|
| 650 |
_aFerrovia _xHistória _zMato Grosso |
||
| 650 |
_aEstrada de ferro _xHistória _zMato Grosso |
||
| 830 | 0 |
_aPublicações avulsas ; _v68 |
|
| 942 |
_2udc _cLV |
||
| 999 |
_c1307 _d1307 |
||